| Tag |
First Indicator |
Second Indicator |
Subfields |
| LEADER |
00000cas a2200000 a 4500 |
| 001 |
in00000222321 |
| 005 |
20151009072007.0 |
| 008 |
750612d19541990azuar1 s0 0eng d |
| 010 |
|
|
|a sn 86033700
|
| 019 |
|
|
|a 02495419
|a 08856157
|
| 022 |
|
|
|a 0096-7858
|
| 035 |
|
|
|a (OCoLC)01387610
|
| 035 |
|
|
|9 AAY8531AM
|
| 040 |
|
|
|a NSD
|c NSD
|d OCL
|d NYG
|d m/c
|d NST
|d TXA
|d UtOrBLW
|
| 042 |
|
|
|a nsdp
|a lcd
|
| 049 |
|
|
|a TXAE
|
| 090 |
|
|
|a SB21
|b .A6
|
| 110 |
2 |
|
|a Arizona Commission of Agriculture and Horticulture.
|
| 222 |
|
0 |
|a Annual report - Arizona Commission of Agriculture-Horticulture
|
| 245 |
1 |
0 |
|a Annual report.
|
| 264 |
|
1 |
|a Phoenix :
|b Arizona Commission of Agriculture and Horticulture,
|c 1954-1990.
|
| 300 |
|
|
|a volumes ;
|c 28 cm.
|
| 310 |
|
|
|a Annual
|
| 336 |
|
|
|a text
|b txt
|2 rdacontent
|
| 337 |
|
|
|a unmediated
|b n
|2 rdamedia
|
| 338 |
|
|
|a volume
|b nc
|2 rdacarrier
|
| 362 |
0 |
|
|a July 1, 1953/June 30, 1954-1989/1990.
|
| 500 |
|
|
|a Title from cover.
|
| 500 |
|
|
|a "Prepared by the Office of the State Entomologist."
|
| 515 |
|
|
|a Report year ends June 30.
|
| 515 |
|
|
|a Issues for 1969/70-1983/84 also called 62nd-76th.
|
| 650 |
|
0 |
|a Agriculture
|z Arizona
|x Periodicals.
|
| 650 |
|
0 |
|a Horticulture
|z Arizona
|x Periodicals.
|
| 650 |
|
0 |
|a Insect pests
|z Arizona
|x Periodicals.
|
| 710 |
2 |
|
|a Arizona Commission of Agriculture and Horticulture.
|b Office of the State Entomologist.
|
| 780 |
1 |
0 |
|a Arizona Commission of Agriculture and Horticulture. Office of the State Entomologist.
|t Report of the State Entomologist for the calendar year ...
|w (DLC)sn 86033701
|w (OCoLC)12414030
|
| 785 |
0 |
0 |
|a Arizona. Dept. of Agriculture.
|t Annual report
|w (OCoLC)26108467
|
| 948 |
|
|
|a t5
|
| 999 |
|
|
|a MARS
|
| 999 |
f |
f |
|s 6908a7ac-c20c-32d3-ad68-ea625d160e94
|i 2667ee11-2f93-3afb-8dba-2d201faf369d
|t 0
|
| 952 |
f |
f |
|p ric
|a Texas A&M University
|b Rellis Campus
|c Joint Library Facility
|d Remote Storage
|t 0
|e SB21 .A6
|h Library of Congress classification
|i unmediated -- volume
|l 1954/1955
|m A14811307454
|
| 952 |
f |
f |
|p ric
|a Texas A&M University
|b Rellis Campus
|c Joint Library Facility
|d Remote Storage
|t 0
|e SB21 .A6
|h Library of Congress classification
|i unmediated -- volume
|l 1985/1986
|m A14817110978
|
| 952 |
f |
f |
|p ric
|a Texas A&M University
|b Rellis Campus
|c Joint Library Facility
|d Remote Storage
|t 0
|e SB21 .A6
|h Library of Congress classification
|i unmediated -- volume
|l 1959/1960
|m A14811307200
|
| 952 |
f |
f |
|p ric
|a Texas A&M University
|b Rellis Campus
|c Joint Library Facility
|d Remote Storage
|t 0
|e SB21 .A6
|h Library of Congress classification
|i unmediated -- volume
|l 1988/1989
|m A14812241546
|
| 952 |
f |
f |
|p ric
|a Texas A&M University
|b Rellis Campus
|c Joint Library Facility
|d Remote Storage
|t 0
|e SB21 .A6
|h Library of Congress classification
|i unmediated -- volume
|l 1975/1976
|m A14812253501
|
| 952 |
f |
f |
|p ric
|a Texas A&M University
|b Rellis Campus
|c Joint Library Facility
|d Remote Storage
|t 0
|e SB21 .A6
|h Library of Congress classification
|i unmediated -- volume
|l 1957/1958
|m A14811307501
|
| 952 |
f |
f |
|p ric
|a Texas A&M University
|b Rellis Campus
|c Joint Library Facility
|d Remote Storage
|t 0
|e SB21 .A6
|h Library of Congress classification
|i unmediated -- volume
|l 1984/1985
|m A14817110928
|
| 952 |
f |
f |
|p ric
|a Texas A&M University
|b Rellis Campus
|c Joint Library Facility
|d Remote Storage
|t 0
|e SB21 .A6
|h Library of Congress classification
|i unmediated -- volume
|l 1981/1982
|m A14812253103
|
| 952 |
f |
f |
|p ric
|a Texas A&M University
|b Rellis Campus
|c Joint Library Facility
|d Remote Storage
|t 0
|e SB21 .A6
|h Library of Congress classification
|i unmediated -- volume
|l 1964/1965
|m A14850075251
|
| 952 |
f |
f |
|p ric
|a Texas A&M University
|b Rellis Campus
|c Joint Library Facility
|d Remote Storage
|t 0
|e SB21 .A6
|h Library of Congress classification
|i unmediated -- volume
|l 1972/1973
|m A14812253404
|
| 952 |
f |
f |
|p ric
|a Texas A&M University
|b Rellis Campus
|c Joint Library Facility
|d Remote Storage
|t 0
|e SB21 .A6
|h Library of Congress classification
|i unmediated -- volume
|l 1963/1964
|m A14811307357
|
| 952 |
f |
f |
|p ric
|a Texas A&M University
|b Rellis Campus
|c Joint Library Facility
|d Remote Storage
|t 0
|e SB21 .A6
|h Library of Congress classification
|i unmediated -- volume
|l 1980/1981
|m A14812253200
|
| 952 |
f |
f |
|p ric
|a Texas A&M University
|b Rellis Campus
|c Joint Library Facility
|d Remote Storage
|t 0
|e SB21 .A6
|h Library of Congress classification
|i unmediated -- volume
|l 1968/1969
|m A14812253242
|
| 952 |
f |
f |
|p ric
|a Texas A&M University
|b Rellis Campus
|c Joint Library Facility
|d Remote Storage
|t 0
|e SB21 .A6
|h Library of Congress classification
|i unmediated -- volume
|l 1956/1957
|m A14811307250
|
| 952 |
f |
f |
|p ric
|a Texas A&M University
|b Rellis Campus
|c Joint Library Facility
|d Remote Storage
|t 0
|e SB21 .A6
|h Library of Congress classification
|i unmediated -- volume
|l 1974/1975
|m A14812253056
|
| 952 |
f |
f |
|p ric
|a Texas A&M University
|b Rellis Campus
|c Joint Library Facility
|d Remote Storage
|t 0
|e SB21 .A6
|h Library of Congress classification
|i unmediated -- volume
|l 1955/1956
|m A14811307153
|
| 952 |
f |
f |
|p ric
|a Texas A&M University
|b Rellis Campus
|c Joint Library Facility
|d Remote Storage
|t 0
|e SB21 .A6
|h Library of Congress classification
|i unmediated -- volume
|l 1970/1971
|m A14812253307
|
| 952 |
f |
f |
|p ric
|a Texas A&M University
|b Rellis Campus
|c Joint Library Facility
|d Remote Storage
|t 0
|e SB21 .A6
|h Library of Congress classification
|i unmediated -- volume
|l 1973/1974
|m A14812253454
|
| 952 |
f |
f |
|p ric
|a Texas A&M University
|b Rellis Campus
|c Joint Library Facility
|d Remote Storage
|t 0
|e SB21 .A6
|h Library of Congress classification
|i unmediated -- volume
|l 1987/1988
|m A14817111071
|
| 952 |
f |
f |
|p ric
|a Texas A&M University
|b Rellis Campus
|c Joint Library Facility
|d Remote Storage
|t 0
|e SB21 .A6
|h Library of Congress classification
|i unmediated -- volume
|l 1969/1970
|m A14812253292
|
| 952 |
f |
f |
|p ric
|a Texas A&M University
|b Rellis Campus
|c Joint Library Facility
|d Remote Storage
|t 0
|e SB21 .A6
|h Library of Congress classification
|i unmediated -- volume
|l 1967/1968
|m A14812253195
|
| 952 |
f |
f |
|p ric
|a Texas A&M University
|b Rellis Campus
|c Joint Library Facility
|d Remote Storage
|t 0
|e SB21 .A6
|h Library of Congress classification
|i unmediated -- volume
|l 1989/1990
|m A14814719626
|
| 952 |
f |
f |
|p ric
|a Texas A&M University
|b Rellis Campus
|c Joint Library Facility
|d Remote Storage
|t 0
|e SB21 .A6
|h Library of Congress classification
|i unmediated -- volume
|l 1971/1972
|m A14812253357
|
| 952 |
f |
f |
|p ric
|a Texas A&M University
|b Rellis Campus
|c Joint Library Facility
|d Remote Storage
|t 0
|e SB21 .A6
|h Library of Congress classification
|i unmediated -- volume
|l 1983/1984
|m A14812253250
|
| 952 |
f |
f |
|p ric
|a Texas A&M University
|b Rellis Campus
|c Joint Library Facility
|d Remote Storage
|t 0
|e SB21 .A6
|h Library of Congress classification
|i unmediated -- volume
|l 1953/1954
|m A14811307056
|
| 952 |
f |
f |
|p ric
|a Texas A&M University
|b Rellis Campus
|c Joint Library Facility
|d Remote Storage
|t 0
|e SB21 .A6
|h Library of Congress classification
|i unmediated -- volume
|l 1986/1987
|m A14817111021
|
| 998 |
f |
f |
|a SB21 .A6
|s 1980/1981-1981/1982,1983/1984-1989/1990
|t 0
|l Remote Storage
|